000 00303nam a2200133Ia 4500
005 20260328101509.0
008 260328s9999||||xx |||||||||||||| ||und||
100 _aHuse, Norbert
245 0 _aLe Corbusier /
_cNorbert Huse
260 _bSalvat
300 _a171 p.
650 _aARQUITECTOS
942 _cBK
999 _c9128
_d9128